| 000 | 00696nam a22002057a 4500 | ||
|---|---|---|---|
| 999 |
_c19700 _d19700 |
||
| 003 | AR-CdUCM | ||
| 008 | 190520b ||||| |||| 00| 0 spa d | ||
| 040 |
_aMUNICIPALIDAD PROVINCIAL DEL CUSCO _cBIBLIOTECA MUNICIPAL DEL CUSCO |
||
| 082 |
_a320.92 / _bD294 |
||
| 245 | _aDecidamos nuestro futuro / | ||
| 260 |
_aLima : _bCentro de Investigación, Universidad del Pacífico : _c1985. |
||
| 300 |
_a335 páginas ; _bFotografías, _c22 cm. |
||
| 505 | _aContenido: Partidos políticos. | ||
| 650 |
_aPartidos políticos _91565 |
||
| 650 |
_aPolítica y gobierno _92693 |
||
| 650 |
_aPerú _935 |
||
| 700 |
_aGoldenberg, Sonia (editora) _941205 |
||
| 942 |
_2ddc _cLIBROS |
||
| 945 |
_adavv _d2019-05-20 |
||